| 000 | 00656nam a22001817a 4500 | ||
|---|---|---|---|
| 005 | 20120214173012.0 | ||
| 008 | 120214t xxu||||| |||| 00| 0 eng d | ||
| 020 |
_a8120323726 _c350.00 |
||
| 035 | _aB-106201 | ||
| 040 |
_aDPL _bENG |
||
| 100 |
_aForsyth, David A. and Ponce Jean _941989 |
||
| 245 |
_aComputer vision: A modern approach / _cby David A. Forsyth |
||
| 260 |
_aNew Delhi _bPHI _c2004 |
||
| 300 |
_axxv, 691p. _c23cms |
||
| 700 |
_aPonce, Jean _941990 |
||
| 942 |
_2ddc _cEN _h006.37 _mFOR |
||
| 999 |
_c62777 _d62777 |
||